textos pandémicos / (Registro nro. 30478)
[ vista simple ]
| 000 -LÍDER | |
|---|---|
| campo de control de longitud fija | 01093nam a22002297a 4500 |
| 005 - FECHA Y HORA DE LA ÚLTIMA | |
| campo de control | 20250130143555.0 |
| 008 - ELEMENTOS DE DATOS DE LONGITUD FIJA - INFORMACIÓN GENERAL | |
| campo de control de longitud fija | 231219b |||||||| |||| 00| 0 eng d |
| 020 ## - NÚMERO INTERNACIONAL NORMALIZADO DEL LIBRO | |
| Número de libro estándar internacional | 9789584908360 |
| 037 ## - FUENTE DE ADQUISICIÓN | |
| Materials specified | Donación |
| 040 ## - FUENTE DE CATALOGACIÓN | |
| Agencia de catalogación original | CO-JMCR |
| Agencia de transcripción | CO-JMCR |
| Agencia modificadora | CO-JMCR |
| Convenciones de descripción | rda |
| 041 ## - CÓDIGO DE IDIOMA | |
| Código de idioma del texto/pista de sonido o título independiente | spa |
| 082 ## - NÚMERO DE CLASIFICACIÓN DECIMAL DEWEY | |
| Número de clasificación | J-P |
| Número de artículo | BLAt |
| 100 ## - ENTRADA PRINCIPAL - NOMBRE PERSONAL | |
| Nombre personal | Blandón Schiller, Alberto |
| 9 (RLIN) | 43086 |
| 245 ## - DECLARACIÓN DEL TÍTULO | |
| Título | textos pandémicos / |
| Declaración de responsabilidad, etc. | Alberto Blandon Schiller |
| 260 ## - PUBLICACIÓN, DISTRIBUCIÓN, ETC. | |
| Lugar de publicación, distribución, etc. | Bogota, |
| Fecha de publicación, distribución, etc. | 2020 |
| 300 ## - DESCRIPCIÓN FÍSICA | |
| Medida | 48 páginas |
| Dimensiones | 20 cm |
| 520 ## - RESUMEN, ETC. | |
| Resumen, etc | Que poco hemos andado en estos siglos. La sombra del dinosaurio aun relata nuestra adversidad y la llama de icaro amenaza con perecer. Miedo y contingencia recuerdan nuestros ancestros. De antiguos dolores traemos las rosas que encendemos. Apenas a un paso de las cavernas nos sabemos inmortales y temerosos. Desvalidos, imploramos la lejanía de los infectados. Ocultamos la cara frágil tela de nuestras suplicas. |
| 650 ## - ENTRADA AÑADIDA DE ASUNTO - TÉRMINO TEMÁTICO | |
| Fuente del encabezado o término | JMCR |
| -- | adversidad |
| Subdivisión general | Literatura |
| 9 (RLIN) | 43094 |
| 650 ## - ENTRADA AÑADIDA DE ASUNTO - TÉRMINO TEMÁTICO | |
| Fuente del encabezado o término | JMCR |
| -- | vulnerabilidad humana |
| Subdivisión de formulario | Cuentos |
| 9 (RLIN) | 43095 |
| 650 ## - ENTRADA AÑADIDA DE ASUNTO - TÉRMINO TEMÁTICO | |
| Fuente del encabezado o término | JMCR |
| -- | Pandemia |
| Subdivisión de formulario | Cuentos |
| 9 (RLIN) | 43096 |
| 942 ## - ELEMENTOS DE ENTRADA AÑADIDOS (KOHA) | |
| Source of classification or shelving scheme | Dewey Decimal Classification |
| Tipo de artículo Koha | Books |
| 999 ## - | |
| -- | 30478 |
| -- | 16862 |
| Estado retirado |
|---|